Statistiques concernant pays le plus grand par continents

Cliquez ici pour prendre le quiz!

Statistiques générales

  • Ce quiz a été pris 220 fois
  • Le résultat moyen est 5 sur 6

Statistiques - réponses

continentsreponses% Correct
Oceanieaustralie
96%
Asierussie
95%
Europerussie
95%
Amerique du sudbresil
93%
Amerique du nordcanada
93%
AfriqueAlgérie
67%

Distribution des résultats

Percentile par nombre de réponses

% des personnes avec chaque résultat

Votre développement - résultats

Vous n’avez pas pris ce quiz